| 000 | 01182cam a22002894a 4500 | ||
|---|---|---|---|
| 999 |
_c233365 _d233365 |
||
| 001 | 12340443 | ||
| 003 | Nust | ||
| 005 | 20170307113941.0 | ||
| 008 | 010309s2001 flu b 001 0 eng | ||
| 010 | _a 2001001524 | ||
| 020 | _a0849309220 (pbk. : alk. paper) | ||
| 040 |
_aDLC _cASAB _dDLC |
||
| 042 | _apcc | ||
| 050 | 0 | 0 |
_aQR185.5 _b.F47 2001 |
| 082 | 0 | 0 |
_a616.07/9 _221 |
| 100 | 1 | _aFernandez-Botran, Rafael. | |
| 245 | 1 | 0 |
_aMethods in cellular immunology / _cRafael Fernandez-Botran, Václav Větvička. |
| 246 | 3 | 0 | _aCellular immunology |
| 250 | _a2nd ed. | ||
| 260 |
_aBoca Raton, Fla. : _bCRC Press, _cc2001. |
||
| 300 |
_a255 p. ; _c24 cm. |
||
| 504 | _aIncludes bibliographical references and index. | ||
| 650 | 0 |
_aCellular immunity _vLaboratory manuals. |
|
| 700 | 1 |
_aVětvička, Václav, _d1954- |
|
| 856 | 4 | 2 |
_3Publisher description _uhttp://www.loc.gov/catdir/enhancements/fy0646/2001001524-d.html |
| 906 |
_a7 _bcbc _corignew _d1 _eecip _f20 _gy-gencatlg |
||
| 942 |
_2ddc _cBK |
||